MARC

LEADER 00000nam a2200000Ii 4500
001 DIGOLEJNK1558
003 NyNyDIG
006 m o d
007 cr |||||||||||
008 250902s2025 cl ob 000 0 spa d
035 |a (OCoLC)1535343826 
040 |a DGITA  |b eng  |e rda  |e pn  |c DGITA 
020 |z 9789564076348 
043 |a n-mx---  |a s-bl---  |a s-ck---  |a e-po--- 
050 1 4 |a K4488 ebook 
245 1 0 |a Impuesto a las bebidas azucaradas /  |c Renata Elaine S. Ricetti Marques [and 40 others] ; traducción de Juan Carlos Panez Solórzano, Izabel Oliveira Rodrigues. 
264 1 |a Santiago, Chile :  |b Ediciones Olejnik,  |c [2025] 
300 |a 1 online resource. 
336 |a text  |b txt  |2 rdacontent 
337 |a computer  |b c  |2 rdamedia 
338 |a online resource  |b cr  |2 rdacarrier 
347 |a text file  |2 rdaft 
347 |b PDF 
490 1 |a Biblioteca de derecho tributario. Colección Dr. Paulo de Barros Carvalho  
504 |a Includes bibliographical references. 
588 0 |a Online resource; title from PDF title page (Digitalia, viewed September 2, 2025) 
650 0 |a Drink  |x Taxation  |x Law and legislation  |z Mexico. 
650 0 |a Drink  |x Taxation  |x Law and legislation  |z Brasil. 
650 0 |a Drink  |x Taxation  |x Law and legislation  |z Colombia. 
650 0 |a Drink  |x Taxation  |x Law and legislation  |z Portugal. 
650 0 |a Beverage industry  |x Taxation  |x Law and legislation  |z Mexico. 
650 0 |a Beverage industry  |x Taxation  |x Law and legislation  |z Brasil. 
650 0 |a Beverage industry  |x Taxation  |x Law and legislation  |z Colombia. 
650 0 |a Beverage industry  |x Taxation  |x Law and legislation  |z Portugal. 
650 0 |a Public health laws  |z Mexico. 
650 0 |a Public health laws  |z Brasil. 
650 0 |a Public health laws  |z Colombia. 
650 0 |a Public health laws  |z Portugal. 
700 1 |a Marques, Renata Elaine Silva Ricetti,  |e author. 
700 1 |a Panez Solórzano, Juan Carlos,  |e translator. 
700 1 |a Oliveira Rodrigues, Izabel,  |e translator. 
791 2 |a Digitalia (Firm),  |e distributor. 
793 0 |g Digitalia eBook Collection:  |a Ediciones Olejnik 
776 0 8 |i Print version:  |t Impuesto a las bebidas azucaradas.  |b Primera edición en Ediciones Olejnik.  |d Santiago, Chile : Ediciones Olejnik, 2025  |z 9789564076348 
830 0 |a Biblioteca de derecho tributario (Ediciones Olejnik).  |p Colección Dr. Paulo de Barros Carvalho.  
856 4 0 |3 Digitalia Hispánica  |u https://www.digitaliapublishing.com/a/174956/ 
910 |a Premium collection: 2025